| 000 | 01039pam a2200313 a 4500 | ||
|---|---|---|---|
| 020 |
_a1558610782 (cloth : acidfree paper) : _c$29.95 |
||
| 020 |
_a1558610790 (paper : acidfree paper) : _c$12.95 |
||
| 082 | 0 | 0 | _a813.54 |
| 100 | 1 | _aBrady, Maureen. | |
| 245 | 1 | 0 |
_aFolly / _cby Maureen Brady ; afterword by Bonnie Zimmerman. |
| 260 |
_aNew York : _bFeminist Press at the City University of New York, _c1994. |
||
| 300 |
_a215 p. ; _c23 cm. |
||
| 504 | _aIncludes bibliographical references (p. 214-215). | ||
| 563 | _aP.B | ||
| 650 | 0 | _aWomen | |
| 650 | 0 |
_aStrikes and lockouts _991018 |
|
| 650 | 0 |
_aWomen textile workers _991019 |
|
| 650 | 0 |
_aMothers and daughters _956199 |
|
| 650 | 0 |
_aTextile industry _911798 |
|
| 650 | 0 | _991020 | |
| 650 | 0 | _93172 | |
| 650 | 0 | _93172 | |
| 650 | 0 | _93172 | |
| 650 | 0 | _93172 | |
| 942 |
_2ddc _cBK |
||
| 999 |
_c589217 _d589217 |
||